Hvězdný hrad. 1870: rytíři z Marsu /

Uloženo v:
Série:Hvězdný hrad, část 2
Hlavní autor: Alice, Alex, 1974- (Autor, Ilustrátor)
Další autoři: Podaný, Richard, 1962- (Autor)
Médium: Kniha
Jazyk:Czech
Vydáno: Brno : Host, 2026
Vydání:První vydání
Celkem bylo vypůjčeno:0x
Příbuzné jednotky:Z cyklu:: Hvězdný hrad
Tagy:
Žádné tagy
LEADER 01376nam a2200385 i 4500
001 106203
003 CZ PrNK
005 20260428102601.0
007 ta
008 260415s2026 xr a 6 000 1 cze
015 |a cnb003745106 
020 |a 9788027528530  |q (vázáno) 
040 |a ABG001  |b cze  |e rda 
041 1 |a cze  |h fre 
100 1 |a Alice, Alex,  |d 1974-  |7 xx0215308  |4 aut  |9 112813  |4 ill 
240 1 0 |a Château des étoiles.  |l Česky 
245 1 0 |a Hvězdný hrad.  |p 1870: rytíři z Marsu /  |c scénář a kresba Alex Alice ; přeložil: Richard Podaný 
246 3 0 |a 1870: rytíři z Marsu 
250 |a První vydání 
264 1 |a Brno :  |b Host,  |c 2026 
300 |a 117 stran :  |b barevné ilustrace ;  |c 32 cm 
336 |a text  |b txt  |2 rdacontent 
336 |a statický obraz  |b sti  |2 rdacontent 
337 |a bez média  |b n  |2 rdamedia 
338 |a svazek  |b nc  |2 rdacarrier 
500 |a "Kniha třetí a čtvrtá"--Obálka 
500 |a Přeloženo z francouzštiny 
521 8 |a Pro čtenáře od 10 let 
700 1 |a Podaný, Richard,  |d 1962-  |7 mzk2003183236  |4 trl  |9 20937 
710 2 |a Host (vydavatelství)  |7 ko2003163544  |4 pbl  |9 117148 
787 0 8 |i Z cyklu:  |t Hvězdný hrad  |g 2 
910 |a UOG502 
942 |2 ddc  |c KN 
999 |d 106203 
993 |0 0  |1 421180106929  |2 ddc  |4 0  |7 0  |9 99546  |b 0  |c 106929  |d 2026-04-28  |e 0  |f M  |h 499.00  |i Koupě  |l M  |r 2026-04-28  |t 8  |w 2026-04-28  |y KN  |z KOMIKS  |n